| 000 | 00821nam a2200181 a 4500 | ||
|---|---|---|---|
| 001 | 000024657 | ||
| 005 | 20200930023307.0 | ||
| 008 | 100127s1891 dr 000 0 spa d | ||
| 100 | 1 |
_aClaus, Carl Friedrich Wilhelm, _d1835-1899. _950571 |
|
| 245 | 1 | 0 |
_aHistoria natural / _cZoología, por el doctor C. Claus ; traducida de la última edición alemana por el doctor Don Luis de Góngora y ampliada en la parte descriptiva de los diversos animales con presencia de las obras de los más notables zoólogos modernos. |
| 260 |
_aBarcelona : _bMontaner y Simón, 1891, _c1891. |
||
| 300 |
_av., h. de lám.) : _b: il. ; _c25 cm. |
||
| 500 | _aNovísima ed. profusamente ilustrada | ||
| 500 | _aIncluye notas al pie de las páginas | ||
| 505 | 2 |
_gv. II : _tZoología |
|
| 700 | 0 |
_aGóngora, Luis de _950572 |
|
| 999 |
_c24150 _d24150 |
||
| 040 | _aDO-SdBNP | ||